Elite Wheel Knowledge - Statistics

General Stats
  • This quiz has been taken 4 times
  • The average score is 17 of 30
Answer Stats
Hint Answer % Correct
When did the World Endurance Championship start? 2012
100%
Name one of the 3 international tracks the V8 Supercars went to. COTA / Shanghai / Abu Dhabi
100%
Who won the first ever FIA Formula E championship? Nelson Piquet Jr
100%
When did the American Le Mans Series and Grand Am merge back together? 2014
67%
When was the last time M-Sport won a World Rally Championship? 2017
67%
In what year did DTM move over to GT3 cars? 2021
67%
What is the exact amount of G Force that Kenny Bräck survived? 214 G
67%
Who is the most recent DTM Champion? Ayhancan Güven
67%
What manufacturer won the 24 Hours of Le Mans overall in 2003 Bentley
67%
Name a racetrack located in the Czech Republic. Brno / Most
67%
On what airport did CART race in the late 1990s? Cleveland
67%
What series replaced the international V8 superstarsfor 2014? Euro V8 Series
67%
What manufacturer won the first ever V8 Supercars title? Ford
67%
In what African country, besides South Africa, did F1 host a Grand Prix? Morocco
67%
What driver has won all of the main 24 Hour Races overall? (Daytona, Spa, Le Mans, Nurburgring) Nick Tandy
67%
Where was the 1000th Formula One Grand Prix held? Shanghai
67%
What was the CART mock up version of the Indy 500 called? US 500
67%
Name one of the manufacturers that pulled out of WEC Hypercar. Vanwall / Porsche / Lamborghini / Isotta Fraschini / Glickenhaus
67%
How many 24 Hour of Le Mans races have there been? 93
33%
What manufacturer won the 100th WEC race? Alpine
33%
What manufacturer dominated the WTCC in the mid 2010s? Citroën
33%
Which Former F1 driver tragically died during a race at Bathurst? Denny Hulme
33%
Which former actor currently competes in the NASCAR Craftsman Truck Series? Frankie Muniz
33%
What class was supposed to replace Group B in the late 80s? Group S
33%
Which Manufacturer was the first to homologate a car in Group GT3? Maserati
33%
Who has the most podiums in F1 without ever winning a Grand Prix? Nick Heidfeld
33%
What was the name of the street circuit in Urugay that was used in the first ever Formula E Season? Punta Del Este
33%
What cartoon sponsored the 2015 Sprint cup series Kansas spring race? Spongebob Squarepants
33%
What is the premier Touring Car series of Argentina called? TC2000
33%
What series split up from the Swedish Touring Car Championship for 2012? TTA - Racing Elite League
33%
No matching quizzes found
Score Distribution
Percent of People with Each Score
Percentile by Number Answered
Your Score History
You have not taken this quiz